<?xml version="1.0" encoding="UTF-8"?>
<marc:record xmlns:marc="http://www.loc.gov/MARC21/slim">
   <marc:leader>00000nam a2200000 a 4500</marc:leader>
   <marc:datafield ind1="1" ind2=" " tag="100">
      <marc:subfield code="a">Linke-Grün, Gabriele</marc:subfield>
      <marc:subfield code="4">aut</marc:subfield>
      <marc:subfield code="e">Verfasser/-in</marc:subfield>
   </marc:datafield>
   <marc:datafield ind1="1" ind2=" " tag="100">
      <marc:subfield code="a">Wegler, Monika</marc:subfield>
      <marc:subfield code="4">ill</marc:subfield>
      <marc:subfield code="e">Illustrator/-in</marc:subfield>
   </marc:datafield>
   <marc:datafield ind1=" " ind2=" " tag="653">
      <marc:subfield code="a">Katzenhaltung</marc:subfield>
   </marc:datafield>
   <marc:datafield ind1=" " ind2=" " tag="653">
      <marc:subfield code="a">Softcover / Ratgeber/Natur/Hobbytierhaltung</marc:subfield>
   </marc:datafield>
   <marc:datafield ind1=" " ind2=" " tag="653">
      <marc:subfield code="a">Ratgeber</marc:subfield>
   </marc:datafield>
   <marc:datafield ind1="0" ind2="0" tag="245">
      <marc:subfield code="a">Wohnungskatzen</marc:subfield>
   </marc:datafield>
   <marc:datafield ind1="0" ind2="0" tag="245">
      <marc:subfield code="c">Gabriele Linke-Grün. Fotos: Monika Wegler</marc:subfield>
   </marc:datafield>
   <marc:datafield ind1=" " ind2="1" tag="264">
      <marc:subfield code="a">München</marc:subfield>
      <marc:subfield code="b">Gräfe und Unzer</marc:subfield>
      <marc:subfield code="c">2012</marc:subfield>
   </marc:datafield>
   <marc:datafield ind1=" " ind2=" " tag="250">
      <marc:subfield code="a">1. Aufl.</marc:subfield>
   </marc:datafield>
   <marc:datafield ind1="1" ind2=" " tag="520">
      <marc:subfield code="a">Angaben aus der Verlagsmeldung

Wohnungskatzen / von Gabriele Linke-Grün, Monika Wegler

Wer seine Samtpfote liebt, hat vor allem einen Wunsch: Sie soll sich wohlfühlen. Doch kann die Katze glücklich sein, wenn ihr Reich lediglich aus einer Wohnung besteht, bestenfalls mit Balkon und Garten? Ja, sie kann - vorausgesetzt, wir respektieren und erfüllen ihre arteigenen Bedürfnisse. Die Katzen-Expertin Gabriele Linke-Grün bietet Ihnen viele kreative Einrichtungsideen für ein spannendes Wohnungsrevier mit Wohlfühlatmosphäre. Sie erfahren, was bei der Auswahl zu beachten ist, wie Sie Ihre Katze richtig verstehen und was für die gesunde Ernährung und sorgfältige Pflege wichtig ist. Dabei entdecken Sie Verblüffendes aus der Katzenwelt und lesen, was der Samtpfote wichtig ist. Ein abwechslungsreiches Beschäftigungsprogramm vertreibt die Langeweile und sorgt für Miezes Fitness. So steht dem harmonischen Zusammenleben nichts mehr im Weg. Die brillanten Fotos der Top-Heimtier-Fotografin Monika Wegler veranschaulichen den Text und zeigen, wie glücklich Wohnungskatzen sein können.
</marc:subfield>
   </marc:datafield>
   <marc:datafield ind1=" " ind2=" " tag="020">
      <marc:subfield code="a">9783833824104</marc:subfield>
      <marc:subfield code="9">9783833824104</marc:subfield>
   </marc:datafield>
   <marc:datafield ind1=" " ind2=" " tag="020">
      <marc:subfield code="a">3833824107</marc:subfield>
      <marc:subfield code="9">3833824107</marc:subfield>
   </marc:datafield>
   <marc:datafield ind1=" " ind2=" " tag="041">
      <marc:subfield code="a">ger</marc:subfield>
   </marc:datafield>
   <marc:datafield ind1=" " ind2=" " tag="300">
      <marc:subfield code="a">256 S.</marc:subfield>
   </marc:datafield>
</marc:record>
